[Event "Madrid-chT 2223"]
[Site "Madrid"]
[Date "2022.11.20"]
[Round "1.6"]
[White "Recuenco Andres, Javier"]
[Black "Gallego Bergada, Antoni"]
[Result "1-0"]
[WhiteElo "1933"]
[BlackElo "2159"]
[PlyCount "71"]
[EventDate "2022.11.20"]
[EventType "team-tourn"]
[EventRounds "14"]
[EventCountry "ESP"]
[SourceTitle "Ajedrez en Madrid"]
[Source "lmi"]
[SourceDate "2022.11.21"]
[SourceVersion "1"]
[SourceVersionDate "2023.03.23"]
[SourceQuality "1"]
[WhiteTeam "Virgen de Atocha"]
[BlackTeam "San Fernando de Henares"]
[WhiteTeamCountry "ESP"]
[BlackTeamCountry "ESP"]

1. e4 d5 2. exd5 Qxd5 3. Nc3 Qa5 4. d4 Nf6 5. a3 c6 6. Bd3 Bg4 7. f3 Bh5 8.
Nge2 e6 9. Bd2 Qc7 10. Bf4 Bd6 11. Qd2 Bg6 12. Ne4 Nxe4 13. fxe4 e5 14. dxe5
Bxe5 15. Bxe5 Qxe5 16. O-O-O Nd7 17. Nf4 O-O-O 18. Nxg6 hxg6 19. g3 Nc5 20. Qe3
Na4 21. Qxa7 Qxb2+ 22. Kd2 Qd4 23. Qxd4 Rxd4 24. c3 Rd7 25. Kc2 Nc5 26. Rd2
Rhd8 27. Rhd1 Kc7 28. h4 Kb6 29. g4 Ka5 30. e5 Nxd3 31. Rxd3 Rxd3 32. Rxd3 Rxd3
33. Kxd3 Ka4 34. Kc4 b6 35. g5 Kxa3 36. h5 1-0

[Event "Madrid-chT 2223"]
[Site "Madrid"]
[Date "2022.11.20"]
[Round "1.1"]
[White "Reyes Larena, Juan"]
[Black "Moreno Trujillo, Alejandro"]
[Result "1/2-1/2"]
[WhiteElo "2443"]
[BlackElo "2495"]
[PlyCount "79"]
[EventDate "2022.11.20"]
[EventType "team-tourn"]
[EventRounds "14"]
[EventCountry "ESP"]
[SourceTitle "Ajedrez en Madrid"]
[Source "lmi"]
[SourceDate "2022.11.21"]
[SourceVersion "1"]
[SourceVersionDate "2023.03.23"]
[SourceQuality "1"]
[WhiteTeam "San Sebastian de los Reyes"]
[BlackTeam "Villalba 64"]
[WhiteTeamCountry "ESP"]
[BlackTeamCountry "ESP"]

1. e4 e6 2. d4 d5 3. Nc3 Nf6 4. e5 Nfd7 5. Nf3 c5 6. dxc5 Nc6 7. Bf4 Be7 8. h4
Nxc5 9. a3 a6 10. g3 h6 11. Bg2 Qb6 12. b4 Nd7 13. O-O Qd8 14. h5 g5 15. hxg6
fxg6 16. Qd3 g5 17. Qg6+ Kf8 18. Nxd5 gxf4 19. Nxf4 Ndxe5 20. Nxe5 Nxe5 21.
Nxe6+ Bxe6 22. Qxe6 Qd6 23. Qf5+ Qf6 24. Qe4 Nc6 25. Rad1 Rd8 26. Rxd8+ Nxd8
27. Rd1 Rg8 28. Rd3 Qa1+ 29. Bf1 Rg7 30. c3 Rf7 31. Kg2 Qxa3 32. Be2 Qa2 33.
Qe3 Rf6 34. c4 Qa4 35. b5 axb5 36. cxb5 Qa2 37. Bg4 Qf7 38. Rd7 b6 39. f4 Rd6
40. Rxd6 1/2-1/2

[Event "Madrid-chT 2223"]
[Site "Madrid"]
[Date "2022.11.20"]
[Round "1.2"]
[White "Khamrakulov, Ibragim S"]
[Black "Alfaya Marcelo, Roberto"]
[Result "1-0"]
[WhiteElo "2421"]
[BlackElo "2255"]
[PlyCount "93"]
[EventDate "2022.11.20"]
[EventType "team-tourn"]
[EventRounds "14"]
[EventCountry "ESP"]
[SourceTitle "Ajedrez en Madrid"]
[Source "lmi"]
[SourceDate "2022.11.21"]
[SourceVersion "1"]
[SourceVersionDate "2023.03.23"]
[SourceQuality "1"]
[WhiteTeam "Villalba 64"]
[BlackTeam "San Sebastian de los Reyes"]
[WhiteTeamCountry "ESP"]
[BlackTeamCountry "ESP"]

1. e4 e5 2. Nf3 Nc6 3. Bc4 Nf6 4. d3 Be7 5. a4 d5 6. exd5 Nxd5 7. h3 O-O 8. O-O
Kh8 9. Re1 f6 10. Nc3 Be6 11. Ne4 Qd7 12. d4 exd4 13. Nxd4 Bg8 14. Nxc6 Qxc6
15. Bb5 Qb6 16. c4 a6 17. a5 Qa7 18. Ba4 b5 19. cxb5 Rad8 20. Qe2 f5 21. Nc3
Bb4 22. Bd2 f4 23. Nxd5 f3 24. b6 cxb6 25. axb6 Qb7 26. Qe3 Bxd2 27. Qxd2 fxg2
28. Qg5 Rxd5 29. Re7 Rxg5 30. Rxb7 Rgf5 31. Rd1 Rxf2 32. Rbd7 Be6 33. R7d2 Rxd2
34. Rxd2 Bxh3 35. Kh2 g5 36. b7 g4 37. Bc6 h5 38. Rd1 Kg7 39. Rc1 Rb8 40. Ra1
Kf7 41. Rxa6 g3+ 42. Kg1 Rd8 43. Bf3 Bg4 44. Ra8 Bxf3 45. Rxd8 Bxb7 46. Rd7+
Kg6 47. Rxb7 1-0

[Event "Madrid-chT 2223"]
[Site "Madrid"]
[Date "2022.11.20"]
[Round "1.3"]
[White "Quevedo Marin, Manuel"]
[Black "Valles Moreno, Ivan"]
[Result "1/2-1/2"]
[WhiteElo "2192"]
[BlackElo "2367"]
[PlyCount "60"]
[EventDate "2022.11.20"]
[EventType "team-tourn"]
[EventRounds "14"]
[EventCountry "ESP"]
[SourceTitle "Ajedrez en Madrid"]
[Source "lmi"]
[SourceDate "2022.11.21"]
[SourceVersion "1"]
[SourceVersionDate "2023.03.23"]
[SourceQuality "1"]
[WhiteTeam "San Sebastian de los Reyes"]
[BlackTeam "Villalba 64"]
[WhiteTeamCountry "ESP"]
[BlackTeamCountry "ESP"]

1. e4 e5 2. Nf3 Nc6 3. Nc3 d6 4. d4 exd4 5. Nxd4 Nf6 6. Bf4 g6 7. Nxc6 bxc6 8.
Be2 Be6 9. Qd2 Qb8 10. O-O Bg7 11. Rab1 O-O 12. Bh6 Qb4 13. a3 Bxh6 14. Qxh6
Qc5 15. Kh1 Rab8 16. f4 Bg4 17. Bd3 Bd7 18. Qh4 Kg7 19. e5 Ng4 20. f5 gxf5 21.
Bxf5 Bxf5 22. Rxf5 Qxc3 23. Qxg4+ Kh8 24. Qh4 f6 25. exf6 Qxc2 26. Rbf1 Rf7 27.
R5f2 Qg6 28. h3 c5 29. Qc4 Rbf8 30. Qe6 Qg3 1/2-1/2

[Event "Madrid-chT 2223"]
[Site "Madrid"]
[Date "2022.11.20"]
[Round "1.4"]
[White "Sanchez Alvares, Kelvin Antonio"]
[Black "Martinez Fernandez, Raul"]
[Result "0-1"]
[WhiteElo "2243"]
[BlackElo "2101"]
[PlyCount "82"]
[EventDate "2022.11.20"]
[EventType "team-tourn"]
[EventRounds "14"]
[EventCountry "ESP"]
[SourceTitle "Ajedrez en Madrid"]
[Source "lmi"]
[SourceDate "2022.11.21"]
[SourceVersion "1"]
[SourceVersionDate "2023.03.23"]
[SourceQuality "1"]
[WhiteTeam "Villalba 64"]
[BlackTeam "San Sebastian de los Reyes"]
[WhiteTeamCountry "ESP"]
[BlackTeamCountry "ESP"]

1. d4 Nf6 2. Nf3 e6 3. c4 d5 4. Bg5 Nbd7 5. Nc3 Bb4 6. Bxf6 Bxc3+ 7. bxc3 Qxf6
8. e3 dxc4 9. Qa4 c5 10. Bxc4 O-O 11. O-O e5 12. Bb5 Nb6 13. dxe5 Nxa4 14. exf6
Nxc3 15. fxg7 Kxg7 16. Bc4 b5 17. Rfc1 b4 18. Nd2 Be6 19. Rc2 Bxc4 20. Nxc4 a5
21. a4 Rfd8 22. Kf1 Rd1+ 23. Rxd1 Nxd1 24. Ke1 Nc3 25. Rc1 Nxa4 26. Ra1 Nc3 27.
Rxa5 Rxa5 28. Nxa5 Kf6 29. Nb3 Na4 30. Kd2 c4 31. Na5 Nb6 32. e4 Ke6 33. Nc6 b3
34. f4 Kd6 35. Nd8 Kc5 36. e5 Nd5 37. f5 c3+ 38. Kd3 b2 39. Kc2 Ne3+ 40. Kb1
Nf1 41. Nb7+ Kb4 0-1

[Event "Madrid-chT 2223"]
[Site "Madrid"]
[Date "2022.11.20"]
[Round "1.5"]
[White "Hernandez Ramos, David"]
[Black "Balague Camps, Marc"]
[Result "0-1"]
[WhiteElo "2091"]
[BlackElo "2200"]
[PlyCount "102"]
[EventDate "2022.11.20"]
[EventType "team-tourn"]
[EventRounds "14"]
[EventCountry "ESP"]
[SourceTitle "Ajedrez en Madrid"]
[Source "lmi"]
[SourceDate "2022.11.21"]
[SourceVersion "1"]
[SourceVersionDate "2023.03.23"]
[SourceQuality "1"]
[WhiteTeam "San Sebastian de los Reyes"]
[BlackTeam "Villalba 64"]
[WhiteTeamCountry "ESP"]
[BlackTeamCountry "ESP"]

1. d4 Nf6 2. c4 e6 3. Nf3 Bb4+ 4. Bd2 Bxd2+ 5. Qxd2 d5 6. Nc3 O-O 7. e3 Qe7 8.
Qc2 dxc4 9. Bxc4 c5 10. a3 cxd4 11. Nxd4 b6 12. O-O Bb7 13. Rac1 Nbd7 14. Qe2
a6 15. Ba2 Rac8 16. Rfd1 Nc5 17. f3 g6 18. b4 Ncd7 19. Rc2 a5 20. Rb1 e5 21.
Ndb5 Ba6 22. Qd1 Rfd8 23. Rd2 Nf8 24. bxa5 Rxd2 25. Qxd2 Rd8 26. Nd5 Nxd5 27.
Bxd5 bxa5 28. Qa2 Qc5 29. Bxf7+ Kg7 30. Bc4 Bxb5 31. Bxb5 Qxe3+ 32. Qf2 Qxa3
33. Bc4 Rd4 34. Ba2 Rb4 35. Qa7+ Kh6 36. Rxb4 Qc1+ 37. Kf2 Qd2+ 38. Kg3 Qxb4
39. Qf7 Kh5 40. Kf2 Kh6 41. Kg3 a4 42. Qf6 Nd7 43. Qf7 Qd6 44. h4 e4+ 45. f4
Nf6 46. Be6 Nh5+ 47. Kg4 a3 48. Bd5 Qxd5 49. Qf8+ Ng7 50. Kg3 a2 51. Qa3 Qd3+
0-1

[Event "Madrid-chT 2223"]
[Site "Madrid"]
[Date "2022.11.20"]
[Round "1.6"]
[White "Gutierrez Diaz, Pablo"]
[Black "Hernandez Ramos, Alberto"]
[Result "1-0"]
[WhiteElo "1970"]
[BlackElo "2000"]
[PlyCount "57"]
[EventDate "2022.11.20"]
[EventType "team-tourn"]
[EventRounds "14"]
[EventCountry "ESP"]
[SourceTitle "Ajedrez en Madrid"]
[Source "lmi"]
[SourceDate "2022.11.21"]
[SourceVersion "1"]
[SourceVersionDate "2023.03.23"]
[SourceQuality "1"]
[WhiteTeam "Villalba 64"]
[BlackTeam "San Sebastian de los Reyes"]
[WhiteTeamCountry "ESP"]
[BlackTeamCountry "ESP"]

1. e4 e5 2. Nf3 Nc6 3. d4 exd4 4. Nxd4 Bc5 5. Nb3 Bb6 6. Nc3 Nf6 7. Bg5 h6 8.
Bh4 Qe7 9. Qe2 g5 10. Bg3 d6 11. O-O-O Be6 12. Kb1 O-O-O 13. Nd5 Bxd5 14. exd5
Qxe2 15. Bxe2 Ne7 16. c4 Ne4 17. Bd3 Nxg3 18. fxg3 Rdf8 19. Rde1 Ng6 20. Rhf1
Ne5 21. Bf5+ Kd8 22. c5 dxc5 23. Rxe5 Re8 24. Rfe1 Rxe5 25. Rxe5 h5 26. Nd2 h4
27. gxh4 Rxh4 28. Nf3 Rf4 29. Nxg5 1-0

[Event "Madrid-chT 2223"]
[Site "Madrid"]
[Date "2022.11.27"]
[Round "2.1"]
[White "Almagro Llamas, Pablo"]
[Black "Candela Perez, Jose"]
[Result "1-0"]
[WhiteElo "2412"]
[BlackElo "2308"]
[PlyCount "127"]
[EventDate "2022.11.20"]
[EventType "team-tourn"]
[EventRounds "14"]
[EventCountry "ESP"]
[SourceTitle "Ajedrez en Madrid"]
[Source "lmi"]
[SourceDate "2022.11.21"]
[SourceVersion "1"]
[SourceVersionDate "2023.03.23"]
[SourceQuality "1"]
[WhiteTeam "Virgen de Atocha"]
[BlackTeam "Alcala de Henares"]
[WhiteTeamCountry "ESP"]
[BlackTeamCountry "ESP"]

1. d4 d5 2. Bf4 e6 3. e3 Bd6 4. Bg3 Nf6 5. Nd2 O-O 6. Bd3 c5 7. c3 Nc6 8. Ngf3
b6 9. Qe2 Bb7 10. e4 dxe4 11. Nxe4 Nxe4 12. Qxe4 g6 13. O-O-O Qe7 14. dxc5 Bxc5
15. Qf4 Rad8 16. h4 e5 17. Qh6 f6 18. Bc2 Qg7 19. Qxg7+ Kxg7 20. b4 Be7 21. Nd2
Bd6 22. Be4 Bb8 23. Rhe1 Rd7 24. Nc4 Rfd8 25. f3 Rxd1+ 26. Rxd1 Rxd1+ 27. Kxd1
Nd8 28. Bxb7 Nxb7 29. a4 Kf7 30. Kc2 Ke6 31. Bf2 f5 32. Kd3 Bc7 33. Nd2 Bd6 34.
Kc4 Bb8 35. Kb5 Nd8 36. a5 bxa5 37. Kxa5 Kd7 38. Ka6 Ne6 39. Kb7 Bd6 40. Bxa7
Nc7 41. Bb8 Nd5 42. Bxd6 Kxd6 43. Nc4+ Ke6 44. Kc6 Nxc3 45. Ne3 f4 46. Ng4 e4
47. fxe4 Nxe4 48. b5 Nd6 49. b6 Nc4 50. Kc5 Na5 51. Nf2 Kf5 52. Kb5 Nb7 53. Kc6
Na5+ 54. Kc7 h5 55. Nd3 g5 56. hxg5 Kxg5 57. Ne5 h4 58. Nc4 f3 59. gxf3 h3 60.
Nxa5 h2 61. b7 h1=Q 62. f4+ Kxf4 63. b8=Q Qh7+ 64. Kc6+ 1-0

[Event "Madrid-chT 2223"]
[Site "Madrid"]
[Date "2022.11.27"]
[Round "2.2"]
[White "Fernandez Lledo, Javier"]
[Black "Vazquez Torres, Adrian"]
[Result "1-0"]
[WhiteElo "2284"]
[BlackElo "2197"]
[PlyCount "107"]
[EventDate "2022.11.20"]
[EventType "team-tourn"]
[EventRounds "14"]
[EventCountry "ESP"]
[SourceTitle "Ajedrez en Madrid"]
[Source "lmi"]
[SourceDate "2022.11.21"]
[SourceVersion "1"]
[SourceVersionDate "2023.03.23"]
[SourceQuality "1"]
[WhiteTeam "Alcala de Henares"]
[BlackTeam "Virgen de Atocha"]
[WhiteTeamCountry "ESP"]
[BlackTeamCountry "ESP"]

1. Nf3 c5 2. b3 Nc6 3. Bb2 d6 4. c4 e5 5. Nc3 f5 6. d3 g6 7. g3 Bg7 8. Bg2 Nge7
9. O-O h6 10. Ne1 Be6 11. Nd5 Bf7 12. f4 Nxd5 13. cxd5 Ne7 14. e4 Qb6 15. Kh1
g5 16. Nc2 gxf4 17. gxf4 Rg8 18. Qd2 Ng6 19. exf5 Nxf4 20. Rxf4 exf4 21. f6 Bf8
22. Re1+ Kd8 23. Be4 Qa6 24. a4 Rg5 25. Qxf4 Qb6 26. b4 cxb4 27. Ne3 Rc8 28. h4
Rg8 29. Bh7 Rc7 30. Qe4 Rg3 31. Bd4 Qa5 32. Kh2 Rxe3 33. Rxe3 Qxa4 34. Bg6 b6
35. Bxf7 Rxf7 36. Qe6 Qd7 37. h5 Kc7 38. Re2 Kb7 39. Rb2 Qc7 40. Kg3 Rh7 41.
Rf2 Rf7 42. Kg4 b3 43. Kf5 Rd7 44. Kg6 a5 45. f7 Re7 46. Qf5 Qc1 47. Kh7 a4 48.
Kg8 a3 49. Kxf8 Qc7 50. Kg8 b2 51. Bxb2 axb2 52. Rxb2 Qc3 53. f8=Q Re5 54.
Q5f7+ 1-0

[Event "Madrid-chT 2223"]
[Site "Madrid"]
[Date "2022.11.27"]
[Round "2.3"]
[White "Fernandez de Bobadilla, Gabriel"]
[Black "Medina Diaz, Rafael Alejandro"]
[Result "1/2-1/2"]
[WhiteElo "2164"]
[BlackElo "2262"]
[PlyCount "179"]
[EventDate "2022.11.20"]
[EventType "team-tourn"]
[EventRounds "14"]
[EventCountry "ESP"]
[SourceTitle "Ajedrez en Madrid"]
[Source "lmi"]
[SourceDate "2022.11.21"]
[SourceVersion "1"]
[SourceVersionDate "2023.03.23"]
[SourceQuality "1"]
[WhiteTeam "Virgen de Atocha"]
[BlackTeam "Alcala de Henares"]
[WhiteTeamCountry "ESP"]
[BlackTeamCountry "ESP"]

1. d4 d5 2. c4 c6 3. Nc3 Nf6 4. e3 e6 5. Nf3 Nbd7 6. Qc2 Bd6 7. Bd3 dxc4 8.
Bxc4 b5 9. Bd3 Bb7 10. Bd2 Rc8 11. a3 a5 12. e4 b4 13. axb4 axb4 14. Na4 c5 15.
dxc5 Nxc5 16. Nxc5 Bxc5 17. Qb1 e5 18. O-O O-O 19. Bg5 Qd6 20. Bxf6 Qxf6 21.
Qd1 Rc7 22. Qe2 Rd8 23. Rac1 g6 24. Rc2 Bb6 25. Rxc7 Bxc7 26. Rd1 Kg7 27. Rd2
Qf4 28. Bc2 Rxd2 29. Qxd2 Qxd2 30. Nxd2 Bb6 31. Bd3 Bd4 32. Nc4 Bc8 33. Kf1 Be6
34. Ke2 f5 35. b3 Kf6 36. Na5 Bb6 37. Nc4 Bc5 38. Nd2 Bd7 39. Bc4 Bc6 40. Bd3
Bd4 41. f3 Bg1 42. Nf1 Bd7 43. Bc4 f4 44. Kd3 g5 45. Ba6 Bf2 46. Ke2 Bd4 47.
Bc4 h5 48. h3 Bg1 49. Nd2 g4 50. hxg4 hxg4 51. fxg4 Bxg4+ 52. Nf3 Bd4 53. Kd3
Bc3 54. Bd5 Bc8 55. Bc4 Kg6 56. Ng1 Kg5 57. Ke2 Kg4 58. Kf1 Bb7 59. Bd3 Bc8 60.
Bc4 Bd7 61. Ne2 f3 62. gxf3+ Kxf3 63. Nc1 Bh3+ 64. Kg1 Kxe4 65. Kf2 Bd2 66. Nd3
Kd4 67. Ke2 Bc3 68. Nf2 Bf5 69. Nh1 Bg4+ 70. Kf2 Bd2 71. Ng3 Be3+ 72. Ke1 Kc3
73. Ne4+ Kc2 74. Nd6 Bd2+ 75. Kf2 Bd1 76. Bd5 Bc3 77. Ke3 Bd4+ 78. Ke4 Be2 79.
Kf5 Kb2 80. Nc4+ Kxb3 81. Nxe5+ Kc3 82. Nc6 Bc5 83. Nxb4 Bxb4 84. Be4 Kd4 85.
Bg2 Bd6 86. Ke6 Be5 87. Kd7 Bb5+ 88. Bc6 Bc4 89. Kc8 Kc5 90. Kb7 1/2-1/2

[Event "Madrid-chT 2223"]
[Site "Madrid"]
[Date "2022.11.27"]
[Round "2.4"]
[White "Moreno Ibañez, Miguel"]
[Black "Yanes Crespo, Javier"]
[Result "1-0"]
[WhiteElo "2242"]
[BlackElo "1957"]
[PlyCount "125"]
[EventDate "2022.11.20"]
[EventType "team-tourn"]
[EventRounds "14"]
[EventCountry "ESP"]
[SourceTitle "Ajedrez en Madrid"]
[Source "lmi"]
[SourceDate "2022.11.21"]
[SourceVersion "1"]
[SourceVersionDate "2023.03.23"]
[SourceQuality "1"]
[WhiteTeam "Alcala de Henares"]
[BlackTeam "Virgen de Atocha"]
[WhiteTeamCountry "ESP"]
[BlackTeamCountry "ESP"]

1. Nf3 Nf6 2. b3 d5 3. Bb2 c5 4. g3 Nc6 5. Bg2 e6 6. O-O Be7 7. e3 O-O 8. Qe2
b6 9. c4 Bb7 10. Na3 Rc8 11. Rfd1 dxc4 12. bxc4 Qd7 13. Nb5 a6 14. Nc3 Qc7 15.
Ne1 Rfd8 16. f4 Nb4 17. Bxb7 Qxb7 18. Rab1 Qc7 19. g4 Ne8 20. a3 Nc6 21. Nf3
Rb8 22. Ne4 Nd6 23. Ng3 b5 24. cxb5 axb5 25. Ba1 b4 26. axb4 Rxb4 27. Rbc1 Ne4
28. Nh5 g6 29. Ng3 Nf6 30. g5 Nd5 31. d3 Na5 32. Be5 Bd6 33. Bxd6 Qxd6 34. Ne4
Qb6 35. Ne5 Rb2 36. Qf3 Nc6 37. Nc4 Qb4 38. Nxb2 Qxb2 39. Rxc5 Ncb4 40. Rc4 Qb3
41. Nf2 Nxd3 42. Rxd3 Qxc4 43. e4 Qc1+ 44. Rd1 Qc5 45. exd5 exd5 46. Kg2 d4 47.
Ne4 Qf5 48. Rd2 Kg7 49. Ng3 Qa5 50. Rd3 h6 51. gxh6+ Kxh6 52. f5 Qa2+ 53. Kg1
Qb1+ 54. Rd1 Qb6 55. f6 Rd6 56. Ne4 Rd5 57. Qf4+ g5 58. Qf3 Qe6 59. Ng3 Kg6 60.
Rf1 g4 61. Qd3+ Kh6 62. Nf5+ Kg5 63. Qd2+ 1-0

[Event "Madrid-chT 2223"]
[Site "Madrid"]
[Date "2022.11.27"]
[Round "2.5"]
[White "Recuenco Andres, Javier"]
[Black "Yañez Rodriguez, Wilbert"]
[Result "0-1"]
[WhiteElo "1933"]
[BlackElo "2103"]
[PlyCount "146"]
[EventDate "2022.11.20"]
[EventType "team-tourn"]
[EventRounds "14"]
[EventCountry "ESP"]
[SourceTitle "Ajedrez en Madrid"]
[Source "lmi"]
[SourceDate "2022.11.21"]
[SourceVersion "1"]
[SourceVersionDate "2023.03.23"]
[SourceQuality "1"]
[WhiteTeam "Virgen de Atocha"]
[BlackTeam "Alcala de Henares"]
[WhiteTeamCountry "ESP"]
[BlackTeamCountry "ESP"]

1. e4 c5 2. Bc4 Nc6 3. Nc3 g6 4. Nf3 Bg7 5. a3 Nf6 6. d3 O-O 7. O-O d6 8. h3 a6
9. Nd5 b5 10. Ba2 e6 11. Nxf6+ Bxf6 12. c3 d5 13. Qc2 Bb7 14. Bf4 Rc8 15. e5
Bg7 16. Qd2 d4 17. Rfe1 dxc3 18. bxc3 Qa5 19. Nh2 c4 20. d4 Ne7 21. Bh6 Bxh6
22. Qxh6 Nf5 23. Qd2 Rfd8 24. Rad1 Qxa3 25. Ng4 Qf8 26. Bb1 Kh8 27. Bxf5 gxf5
28. Nf6 Qg7 29. g3 a5 30. Kh2 Bd5 31. Rg1 b4 32. Qf4 Rg8 33. h4 b3 34. g4 b2
35. Rg3 Rb8 36. Rb1 Be4 37. Nxe4 fxe4 38. Qd2 Rb3 39. Rxb2 a4 40. Ra2 a3 41.
Qf4 Rgb8 42. Kh3 Qf8 43. Qf6+ Kg8 44. Qg5+ Qg7 45. Qf4 Ra8 46. Qxe4 Qf8 47. f4
Rab8 48. f5 Rb2 49. Ra1 Rf2 50. Rf3 Rxf3+ 51. Qxf3 Rb3 52. f6 Qd8 53. Qe3 Kf8
54. Rc1 Qd5 55. Kg3 Rb2 56. Qf3 a2 57. Ra1 Qa5 58. Qe4 Qxc3+ 59. Qf3 Rb3 60.
Qxc3 Rxc3+ 61. Kf2 Rc2+ 62. Ke3 Ke8 63. g5 Rb2 64. h5 c3 65. Kd3 c2 66. d5 exd5
67. e6 fxe6 68. g6 hxg6 69. hxg6 Rb1 70. f7+ Ke7 71. Rxa2 c1=N+ 72. Kc2 Nxa2
73. Kxb1 Nb4 0-1

[Event "Madrid-chT 2223"]
[Site "Madrid"]
[Date "2022.11.27"]
[Round "2.6"]
[White "Candela Martin, Alvaro"]
[Black "Martinez Del Nido, Eduardo"]
[Result "0-1"]
[WhiteElo "1917"]
[BlackElo "1907"]
[PlyCount "56"]
[EventDate "2022.11.20"]
[EventType "team-tourn"]
[EventRounds "14"]
[EventCountry "ESP"]
[SourceTitle "Ajedrez en Madrid"]
[Source "lmi"]
[SourceDate "2022.11.21"]
[SourceVersion "1"]
[SourceVersionDate "2023.03.23"]
[SourceQuality "1"]
[WhiteTeam "Alcala de Henares"]
[BlackTeam "Virgen de Atocha"]
[WhiteTeamCountry "ESP"]
[BlackTeamCountry "ESP"]

1. e4 e5 2. Nf3 Nc6 3. Bc4 Be7 4. d4 d6 5. dxe5 Nxe5 6. Nxe5 dxe5 7. Qxd8+ Bxd8
8. O-O Nf6 9. Nc3 O-O 10. b3 c6 11. Bb2 Bc7 12. a4 Re8 13. Rad1 Be6 14. Bd3 Bb6
15. Ne2 Bg4 16. Rd2 Rad8 17. Ng3 Bd4 18. c3 Bb6 19. Kh1 Rd7 20. h3 Be6 21. a5
Bxa5 22. f4 exf4 23. Rxf4 Bc7 24. Ne2 Bxf4 25. Nxf4 Nxe4 26. Rc2 Bxb3 27. Bxe4
Bxc2 28. Bxc2 Rd2 0-1

[Event "Madrid-chT 2223"]
[Site "Madrid"]
[Date "2022.11.27"]
[Round "2.1"]
[White "Plazuelo Pascual, Juan"]
[Black "Garcia Luengo, Leandro"]
[Result "1-0"]
[WhiteElo "2449"]
[BlackElo "2274"]
[PlyCount "39"]
[EventDate "2022.11.20"]
[EventType "team-tourn"]
[EventRounds "14"]
[EventCountry "ESP"]
[SourceTitle "Ajedrez en Madrid"]
[Source "lmi"]
[SourceDate "2022.11.21"]
[SourceVersion "1"]
[SourceVersionDate "2023.03.23"]
[SourceQuality "1"]
[WhiteTeam "Alcorcon Diagonal"]
[BlackTeam "San Fernando de Henares"]
[WhiteTeamCountry "ESP"]
[BlackTeamCountry "ESP"]

1. e4 c5 2. Nc3 g6 3. Bc4 Bg7 4. h4 h5 5. Qf3 e6 6. d4 Nc6 7. Nb5 d5 8. exd5
exd5 9. Bxd5 Qe7+ 10. Kf1 Nxd4 11. Nxd4 cxd4 12. Bg5 Nf6 13. Re1 Be6 14. Bxe6
fxe6 15. Qb3 e5 16. Nf3 O-O-O 17. Nxe5 Rhe8 18. Qh3+ Kc7 19. Bf4 Nd5 20. Nxg6+
1-0

[Event "Madrid-chT 2223"]
[Site "Madrid"]
[Date "2022.11.27"]
[Round "2.2"]
[White "Fernandez Blazquez, Diego"]
[Black "Garcia Dorado, Alberto"]
[Result "1/2-1/2"]
[WhiteElo "2221"]
[BlackElo "2264"]
[PlyCount "53"]
[EventDate "2022.11.20"]
[EventType "team-tourn"]
[EventRounds "14"]
[EventCountry "ESP"]
[SourceTitle "Ajedrez en Madrid"]
[Source "lmi"]
[SourceDate "2022.11.21"]
[SourceVersion "1"]
[SourceVersionDate "2023.03.23"]
[SourceQuality "1"]
[WhiteTeam "San Fernando de Henares"]
[BlackTeam "Alcorcon Diagonal"]
[WhiteTeamCountry "ESP"]
[BlackTeamCountry "ESP"]

1. e4 c5 2. Nf3 d6 3. d4 cxd4 4. Nxd4 Nf6 5. Nc3 Nc6 6. Bg5 e6 7. Qd2 a6 8.
O-O-O Bd7 9. f4 h6 10. Bh4 b5 11. Bxb5 axb5 12. Ndxb5 Nb4 13. a3 Na2+ 14. Nxa2
Bxb5 15. Nc3 Bc6 16. Qe2 Qb6 17. e5 Nd5 18. Nxd5 Bxd5 19. exd6 Kd7 20. f5 Bxd6
21. fxe6+ fxe6 22. Bf2 Qc6 23. Qg4 g5 24. Rxd5 Qxd5 25. Rd1 Qf5 26. Rxd6+ Kxd6
27. Qb4+ 1/2-1/2

[Event "Madrid-chT 2223"]
[Site "Madrid"]
[Date "2022.11.27"]
[Round "2.3"]
[White "Cubas Cabrera, Angel Luis"]
[Black "Perez Gonzalez, Jose Manuel"]
[Result "0-1"]
[WhiteElo "2224"]
[BlackElo "2196"]
[PlyCount "126"]
[EventDate "2022.11.20"]
[EventType "team-tourn"]
[EventRounds "14"]
[EventCountry "ESP"]
[SourceTitle "Ajedrez en Madrid"]
[Source "lmi"]
[SourceDate "2022.11.21"]
[SourceVersion "1"]
[SourceVersionDate "2023.03.23"]
[SourceQuality "1"]
[WhiteTeam "Alcorcon Diagonal"]
[BlackTeam "San Fernando de Henares"]
[WhiteTeamCountry "ESP"]
[BlackTeamCountry "ESP"]

1. d4 Nf6 2. c4 c5 3. d5 b5 4. cxb5 a6 5. b6 e6 6. Nc3 exd5 7. Nxd5 Nxd5 8.
Qxd5 Nc6 9. e4 Be7 10. Bc4 O-O 11. Nf3 Rb8 12. O-O Na5 13. Bf4 Rxb6 14. b3 Bb7
15. Qd3 Nxc4 16. bxc4 Re6 17. Nd2 Bg5 18. Bxg5 Qxg5 19. f3 Bc6 20. Rae1 Rfe8
21. Re2 Qe5 22. Ref2 Rd6 23. Qa3 f5 24. exf5 Qxf5 25. Nb3 Rd3 26. Qxc5 Qxc5 27.
Nxc5 Rc3 28. Nxa6 Rxc4 29. Rb2 Ra8 30. Rb8+ Kf7 31. Rxa8 Bxa8 32. a3 Bc6 33.
Nb4 Ba4 34. Kf2 Rc3 35. Ra1 Ke6 36. Re1+ Kf7 37. Re3 Rc1 38. f4 Bb5 39. g4 Rf1+
40. Kg3 Rg1+ 41. Kf3 d6 42. Ke4 Rxg4 43. Rg3 Rh4 44. Rg2 Rh3 45. Ra2 Bc4 46.
Ra1 Rxh2 47. Kd4 Be6 48. a4 Rb2 49. Nd3 Rb8 50. a5 h5 51. a6 Ra8 52. Nf2 h4 53.
Ke4 Ra7 54. Kf3 Bc8 55. Rh1 Rxa6 56. Rxh4 Ra3+ 57. Ke2 Bf5 58. Rh5 g6 59. Rh8
Ke7 60. Rb8 d5 61. Rb6 d4 62. Rc6 Re3+ 63. Kd2 Rf3 0-1

[Event "Madrid-chT 2223"]
[Site "Madrid"]
[Date "2022.11.27"]
[Round "2.4"]
[White "Gallego Bergada, Antoni"]
[Black "Horcajuelo Rocamora, Martin"]
[Result "1-0"]
[WhiteElo "2159"]
[BlackElo "2194"]
[PlyCount "101"]
[EventDate "2022.11.20"]
[EventType "team-tourn"]
[EventRounds "14"]
[EventCountry "ESP"]
[SourceTitle "Ajedrez en Madrid"]
[Source "lmi"]
[SourceDate "2022.11.21"]
[SourceVersion "1"]
[SourceVersionDate "2023.03.23"]
[SourceQuality "1"]
[WhiteTeam "San Fernando de Henares"]
[BlackTeam "Alcorcon Diagonal"]
[WhiteTeamCountry "ESP"]
[BlackTeamCountry "ESP"]

1. e4 c5 2. Nf3 d6 3. d4 cxd4 4. Nxd4 Nf6 5. Nc3 a6 6. f3 e5 7. Nb3 Be7 8. Be3
Be6 9. Qd2 h5 10. a4 Nbd7 11. Be2 Rc8 12. O-O Nb6 13. Kh1 Nc4 14. Bxc4 Bxc4 15.
Rfd1 h4 16. Rac1 Qd7 17. Na5 Be6 18. Nb3 h3 19. g3 Qc7 20. Qf2 Bd8 21. Qd2 Be7
22. Qf2 Qc4 23. Rd3 O-O 24. Rcd1 Nd7 25. g4 b5 26. axb5 axb5 27. R3d2 b4 28.
Ne2 Nf6 29. Ng3 Rfd8 30. Nf5 Bf8 31. Qf1 Qxf1+ 32. Rxf1 d5 33. exd5 Nxd5 34.
Rfd1 Nxe3 35. Rxd8 Bxf5 36. gxf5 Rxc2 37. Re1 Ng2 38. Rf1 Ne3 39. Rc1 Rxc1+ 40.
Nxc1 Nxf5 41. Kg1 f6 42. Kf2 Kf7 43. Nd3 Nd4 44. Rb8 b3 45. Nc1 Bc5 46. Kg3 Bd6
47. Rb6 Ke6 48. Nxb3 e4+ 49. Rxd6+ Kxd6 50. Nxd4 e3 51. Nf5+ 1-0